[Event "Prague Summer Holiday M1"]
[Site "Prague"]
[Date "2022.07.29"]
[Round "9"]
[White "Knechtel, Roland"]
[Black "Hartwig, Maik"]
[Result "1/2-1/2"]
[WhiteElo "2210"]
[BlackElo "2051"]
[PlyCount "62"]
[EventDate "2022.07.24"]
[EventType "tourn"]
[EventRounds "9"]
[EventCountry "CZE"]
[SourceTitle "CBM 209 Extra"]
[Source "ChessBase"]
[SourceDate "2022.09.30"]
[SourceVersion "1"]
[SourceVersionDate "2022.09.30"]
[SourceQuality "1"]

1. d4 g6 2. c4 Bg7 3. e4 d6 4. Nc3 Nc6 5. Be3 e5 6. Nge2 exd4 7. Nxd4 Nxd4 8. Bxd4 Bxd4 9. Qxd4 Qf6 10. Qd2 Be6 11. Nb5 Qe7 12. Qc3 f6 13. Bd3 Nh6 14. 0-0 0-0 15. Rae1 a6 16. Nd4 Bd7 17. f4 Qg7 18. c5 dxc5 19. Qxc5 c6 20. Bc4+ Kh8 21. Qb6 Rab8 22. h3 Rfe8 23. a4 Nf7 24. Qc7 Rbd8 25. Nf3 b5 26. Bb3 Be6 27. Bc2 g5 28. fxg5 Nxg5 29. Qxg7+ Kxg7 30. axb5 axb5 31. Nxg5 fxg5 1/2-1/2

[Event "Oberliga Ost-A 1920"]
[Site "Germany"]
[Date "2019.12.08"]
[Round "5.6"]
[White "Stolz, Mike"]
[Black "Hartwig, Maik"]
[Result "1-0"]
[WhiteElo "2320"]
[BlackElo "2104"]
[PlyCount "71"]
[EventDate "2019.09.29"]
[EventType "team-tourn"]
[EventRounds "11"]
[EventCountry "GER"]
[SourceTitle "EXT 2021"]
[Source "ChessBase"]
[SourceDate "2020.10.23"]
[SourceVersion "1"]
[SourceVersionDate "2020.10.23"]
[SourceQuality "1"]
[WhiteTeam "Magdeburg Rochade"]
[BlackTeam "Halle USV"]
[WhiteTeamCountry "GER"]
[BlackTeamCountry "GER"]

1. e4 g6 2. d4 Bg7 3. Nf3 d6 4. h3 Nd7 5. Bc4 e6 6. 0-0 h6 7. a4 b6 8. a5 Bb7 9. Nc3 a6 10. axb6 cxb6 11. Bf4 Qc7 12. Qe2 Nb8 13. Bb5+ Kf8 14. Bd3 Ne7 15. Nd1 b5 16. Ne3 e5 17. dxe5 dxe5 18. Bg3 Nd7 19. c4 b4 20. Bc2 Kg8 21. Rad1 Kh7 22. h4 Rac8 23. b3 a5 24. h5 Nc5 25. Nd5 Nxd5 26. exd5 Rhe8 27. hxg6+ fxg6 28. Nh4 Kg8 29. Bxg6 Nxb3 30. d6 Qd7 31. Bf5 Re6 32. Ng6 Rce8 33. Qg4 Nd4 34. Rxd4 exd4 35. Ne7+ R8xe7 36. dxe7 1-0

[Event "Oberliga Ost-A 1718"]
[Site "Germany"]
[Date "2018.02.04"]
[Round "7.7"]
[White "Hartwig, Maik"]
[Black "Otikova, Elina"]
[Result "1/2-1/2"]
[WhiteElo "2101"]
[BlackElo "2054"]
[PlyCount "142"]
[EventDate "2017.10.22"]
[EventType "team-tourn"]
[EventRounds "11"]
[EventCountry "GER"]
[SourceTitle "EXT 2019"]
[Source "ChessBase"]
[SourceDate "2018.10.10"]
[SourceVersion "1"]
[SourceVersionDate "2018.10.10"]
[SourceQuality "1"]
[WhiteTeam "Halle USV"]
[BlackTeam "Loeberitz"]
[WhiteTeamCountry "GER"]
[BlackTeamCountry "GER"]

1. d4 d5 2. Nf3 Nf6 3. Bf4 c5 4. c3 Nc6 5. e3 Qb6 6. Qb3 c4 7. Qxb6 axb6 8. Na3 Ra5 9. Bc7 e6 10. Bxb6 Ra6 11. Bc5 Bxc5 12. dxc5 Ne4 13. Nb5 Ra5 14. Nd6+ Nxd6 15. cxd6 0-0 16. Be2 Rd8 17. 0-0 Rxd6 18. Rfd1 Rd7 19. Rd2 b5 20. a3 Nb8 21. Rad1 Na6 22. e4 Bb7 23. Ne5 Rd6 24. exd5 exd5 25. Bf3 f6 26. Ng4 Nc5 27. Ne3 Nd3 28. Be2 Nf4 29. Bf1 Ra8 30. g3 Ng6 31. Bg2 Ne7 32. Nxd5 Nxd5 33. Bxd5+ Bxd5 34. Rxd5 Rxd5 35. Rxd5 Rb8 36. Rd7 Re8 37. Kf1 Re5 38. f4 Rf5 39. Ke2 g5 40. Kf3 gxf4 41. gxf4 Rh5 42. Kg3 Kf8 43. h4 Kg8 44. Kg4 Rc5 45. Ra7 Rd5 46. Ra5 Kg7 47. a4 h5+ 48. Kf3 Rd3+ 49. Ke4 bxa4 50. Kf5 Rh3 51. Rxa4 Rxh4 52. Rxc4 Rh1 53. Rc7+ Kh6 54. Kxf6 h4 55. Kf5 Rg1 56. Rd7 Rg2 57. b4 h3 58. Rd3 h2 59. Rh3+ Kg7 60. Ke5 Re2+ 61. Kd4 Kf6 62. b5 Kf5 63. Kc5 Kxf4 64. c4 Kg4 65. Rxh2 Rxh2 66. b6 Rb2 67. Kc6 Kf5 68. c5 Ke6 69. b7 Rb1 70. Kc7 Kd5 71. c6 Kc5 1/2-1/2

[Event "Oberliga Ost-A 1718"]
[Site "Germany"]
[Date "2017.11.12"]
[Round "3.8"]
[White "Hartwig, Maik"]
[Black "Butscher, Daniel"]
[Result "1/2-1/2"]
[WhiteElo "2101"]
[BlackElo "2144"]
[PlyCount "27"]
[EventDate "2017.10.22"]
[EventType "team-tourn"]
[EventRounds "11"]
[EventCountry "GER"]
[SourceTitle "EXT 2019"]
[Source "ChessBase"]
[SourceDate "2018.10.10"]
[SourceVersion "1"]
[SourceVersionDate "2018.10.10"]
[SourceQuality "1"]
[WhiteTeam "Halle USV"]
[BlackTeam "Dresden Gruen Weiss"]
[WhiteTeamCountry "GER"]
[BlackTeamCountry "GER"]

1. d4 Nf6 2. Nf3 d5 3. Bf4 c5 4. c3 Qb6 5. Qb3 Nc6 6. Qxb6 axb6 7. Bc7 cxd4 8. Nxd4 Nxd4 9. cxd4 Bf5 10. Nc3 e6 11. e3 Kd7 12. Bf4 Bd6 13. Bxd6 Kxd6 14. Kd2 1/2-1/2

[Event "Prague Holiday M21"]
[Site "Prague"]
[Date "2017.07.28"]
[Round "9"]
[White "Hartwig, Maik"]
[Black "Kasparov, Sergey"]
[Result "0-1"]
[WhiteElo "2097"]
[BlackElo "2474"]
[PlyCount "144"]
[EventDate "2017.07.23"]
[EventType "tourn"]
[EventRounds "9"]
[EventCountry "CZE"]
[SourceTitle "EXT 2023"]
[Source "ChessBase"]
[SourceDate "2022.10.05"]
[SourceVersion "1"]
[SourceVersionDate "2022.10.05"]
[SourceQuality "1"]

1. d4 c5 2. d5 Nf6 3. c4 b5 4. cxb5 a6 5. bxa6 g6 6. Nc3 Bg7 7. e4 0-0 8. Be2 Qa5 9. Bd2 Bxa6 10. e5 Ne8 11. Nf3 d6 12. e6 f5 13. h4 h6 14. 0-0 Nf6 15. Ne4 Bxe2 16. Qxe2 Qa6 17. Nxf6+ Rxf6 18. Qd1 Qd3 19. Bc3 Qxd1 20. Rfxd1 Rf8 21. a4 Na6 22. Nd2 Rfb8 23. Nc4 Nc7 24. Rd3 Ra6 25. f4 Kh7 26. Bxg7 Kxg7 27. Raa3 Rb4 28. b3 Na8 29. g3 Kf6 30. Kf2 Nb6 31. Nxb6 Raxb6 32. Ke3 g5 33. hxg5+ hxg5 34. a5 Ra6 35. Ra4 Rb5 36. Rc3 Raxa5 37. Kd3 c4+ 38. bxc4 Rxd5+ 39. cxd5 Rxa4 40. Rc4 Ra3+ 41. Rc3 Ra1 42. Ke3 gxf4+ 43. gxf4 Re1+ 44. Kd3 Rd1+ 45. Kc4 Rf1 46. Kb5 Rxf4 47. Kc6 Rg4 48. Kd7 Ra4 49. Rc8 Ra7+ 50. Kc6 f4 51. Rf8+ Ke5 52. Rf7 Ra6+ 53. Kb5 Ra1 54. Rxe7 Kxd5 55. Kb6 Re1 56. Rf7 Kxe6 57. Rxf4 Rc1 58. Kb5 Ke5 59. Rh4 d5 60. Kb4 d4 61. Rh8 d3 62. Rd8 Ke4 63. Re8+ Kf3 64. Rf8+ Ke2 65. Re8+ Kd1 66. Rd8 d2 67. Kb3 Rc7 68. Kb2 Rb7+ 69. Ka2 Re7 70. Rh8 Kc2 71. Rc8+ Kd3 72. Rd8+ Ke2 0-1

[Event "Prague Holiday M21"]
[Site "Prague"]
[Date "2017.07.27"]
[Round "8"]
[White "Houska, Jiri"]
[Black "Hartwig, Maik"]
[Result "1/2-1/2"]
[WhiteElo "2191"]
[BlackElo "2097"]
[PlyCount "104"]
[EventDate "2017.07.23"]
[EventType "tourn"]
[EventRounds "9"]
[EventCountry "CZE"]
[SourceTitle "EXT 2023"]
[Source "ChessBase"]
[SourceDate "2022.10.05"]
[SourceVersion "1"]
[SourceVersionDate "2022.10.05"]
[SourceQuality "1"]

1. e4 g6 2. d4 Bg7 3. Nc3 d5 4. exd5 Nf6 5. Bc4 Nbd7 6. Nf3 0-0 7. 0-0 Nb6 8. Bb3 a5 9. a4 Nbxd5 10. Nxd5 Nxd5 11. h3 b6 12. Re1 Bb7 13. Bg5 Nf6 14. c3 h6 15. Bh4 Bd5 16. Bc2 c5 17. Qe2 Bxf3 18. Qxf3 cxd4 19. Rad1 Qc7 20. Rxd4 Rad8 21. Bg3 Qc5 22. Re5 Qc8 23. Rxd8 Qxd8 24. Rb5 Qd2 25. Qd1 Rd8 26. Qxd2 Rxd2 27. Bb3 Ne4 28. Bc7 e6 29. f3 Nf6 30. Bxb6 Rxb2 31. Bxa5 Nh5 32. Bc7 Bxc3 33. a5 Rb1+ 34. Kf2 Ra1 35. Bb6 Nf4 36. Be3 Nd5 37. Bxd5 exd5 38. Rxd5 Rxa5 39. Rxa5 Bxa5 40. Bxh6 f6 41. Be3 g5 42. f4 Bd8 43. Kf3 Kf7 44. Kg4 gxf4 45. Kxf4 Kg6 46. g4 Bc7+ 47. Ke4 Bg3 48. Kf3 Be1 49. Bf2 Bxf2 50. Kxf2 f5 51. Kf3 fxg4+ 52. hxg4 Kg5 1/2-1/2

[Event "Prague Holiday M21"]
[Site "Prague"]
[Date "2017.07.24"]
[Round "3"]
[White "Hogeman, Joel"]
[Black "Hartwig, Maik"]
[Result "1/2-1/2"]
[WhiteElo "2091"]
[BlackElo "2097"]
[PlyCount "74"]
[EventDate "2017.07.23"]
[EventType "tourn"]
[EventRounds "9"]
[EventCountry "CZE"]
[SourceTitle "EXT 2023"]
[Source "ChessBase"]
[SourceDate "2022.10.05"]
[SourceVersion "1"]
[SourceVersionDate "2022.10.05"]
[SourceQuality "1"]

1. f4 g6 2. Nf3 Bg7 3. g3 Nf6 4. Bg2 0-0 5. 0-0 d5 6. d3 c6 7. c3 Nbd7 8. Qc2 Re8 9. e4 e5 10. Nxe5 Nxe5 11. fxe5 Rxe5 12. d4 Rxe4 13. Bxe4 Nxe4 14. Nd2 Nxd2 15. Bxd2 Bf5 16. Rxf5 gxf5 17. Rf1 Qd7 18. Qxf5 Qxf5 19. Rxf5 Re8 20. Kf2 f6 21. g4 Kf7 22. h3 Kg6 23. Be3 Re6 24. Rh5 Bf8 25. Ke2 Bd6 26. Kd3 Re8 27. Bd2 Bc7 28. c4 dxc4+ 29. Kxc4 Re2 30. Bc3 Rh2 31. d5 cxd5+ 32. Kxd5 Be5 33. Kc4 Bxc3 34. Kxc3 f5 35. Rxf5 Rxh3+ 36. Kc2 Rg3 37. Rf4 Rg2+ 1/2-1/2

[Event "Oberliga Ost-A 1617"]
[Site "Germany"]
[Date "2017.02.18"]
[Round "6.7"]
[White "Hartwig, Maik"]
[Black "Lopez Rojas, Jeffrey"]
[Result "1/2-1/2"]
[WhiteElo "2088"]
[BlackElo "2119"]
[PlyCount "94"]
[EventDate "2016.10.16"]
[EventType "team-tourn"]
[EventRounds "11"]
[EventCountry "GER"]
[SourceTitle "EXT 2018"]
[Source "ChessBase"]
[SourceDate "2017.10.13"]
[SourceVersion "1"]
[SourceVersionDate "2017.10.13"]
[SourceQuality "1"]
[WhiteTeam "Halle USV"]
[BlackTeam "Magdeburg Aufbau Elbe"]
[WhiteTeamCountry "GER"]
[BlackTeamCountry "GER"]

1. d4 Nf6 2. Nf3 g6 3. g3 Bg7 4. Bg2 0-0 5. 0-0 c6 6. Nbd2 d5 7. c3 Bf5 8. Re1 Nbd7 9. Nh4 Bg4 10. Qb3 Qc7 11. f4 c5 12. e3 e6 13. h3 Bf5 14. Nxf5 gxf5 15. Qd1 b5 16. Nf1 Rfc8 17. g4 fxg4 18. hxg4 h6 19. g5 hxg5 20. fxg5 Nh7 21. Qg4 Ndf8 22. dxc5 Qxc5 23. Kh1 Qe7 24. e4 dxe4 25. Bxe4 f5 26. gxf6 Nxf6 27. Qg5 Rc5 28. Qg2 Rh5+ 29. Kg1 Nxe4 30. Rxe4 Rd8 31. Be3 Rd3 32. Rg4 Kh8 33. Qe4 Rdd5 34. Ng3 Rh7 35. Bd4 Bxd4+ 36. cxd4 Rg5 37. Rf1 Rxg4 38. Qxg4 Rg7 39. Qf3 Kg8 40. Rf2 Qd6 41. Kf1 Qxg3 42. Qxf8+ Kh7 43. Qf3 Qxf3 44. Rxf3 Rc7 45. Ke2 Kg6 46. Kd3 a6 47. Rf8 Kg7 1/2-1/2

[Event "Oberliga Ost-A 1617"]
[Site "Germany"]
[Date "2016.10.16"]
[Round "1.7"]
[White "Otikova, Elina"]
[Black "Hartwig, Maik"]
[Result "1/2-1/2"]
[WhiteElo "2007"]
[BlackElo "2088"]
[PlyCount "74"]
[EventDate "2016.10.16"]
[EventType "team-tourn"]
[EventRounds "11"]
[EventCountry "GER"]
[SourceTitle "EXT 2018"]
[Source "ChessBase"]
[SourceDate "2017.10.13"]
[SourceVersion "1"]
[SourceVersionDate "2017.10.13"]
[SourceQuality "1"]
[WhiteTeam "Loeberitz"]
[BlackTeam "Halle USV"]
[WhiteTeamCountry "GER"]
[BlackTeamCountry "GER"]

1. e4 g6 2. d4 Bg7 3. Nc3 d6 4. h3 Nf6 5. Nf3 0-0 6. Be3 c6 7. a4 b6 8. Be2 Qc7 9. 0-0 e5 10. Qd2 Ba6 11. Bxa6 Nxa6 12. Bh6 Rad8 13. Bxg7 Kxg7 14. dxe5 dxe5 15. Qg5 Rfe8 16. Nh4 Ng8 17. Rad1 h6 18. Qg3 Nf6 19. Rxd8 Rxd8 20. Nf3 Re8 21. Nh4 Nc5 22. Qe3 a5 23. Qe2 Rd8 24. Nf3 Ne6 25. Rd1 Nd4 26. Nxd4 Rxd4 27. Rxd4 exd4 28. Nb1 Qe7 29. Nd2 Qb4 30. e5 Nd7 31. e6 Qe7 32. exd7 Qxe2 33. d8Q Qxd2 34. Qxb6 Qe1+ 35. Kh2 Qxf2 36. Qxa5 Qf4+ 37. Kg1 Qe3+ 1/2-1/2

[Event "Prague Holiday M11"]
[Site "Prague"]
[Date "2016.07.18"]
[Round "3"]
[White "Hadzala, Daniel"]
[Black "Hartwig, Maik"]
[Result "0-1"]
[WhiteElo "2076"]
[BlackElo "2088"]
[PlyCount "38"]
[EventDate "2016.07.17"]
[EventType "tourn"]
[EventRounds "9"]
[EventCountry "CZE"]
[SourceTitle "EXT 2023"]
[Source "ChessBase"]
[SourceDate "2022.10.05"]
[SourceVersion "1"]
[SourceVersionDate "2022.10.05"]
[SourceQuality "1"]

1. Nf3 g6 2. g3 Bg7 3. Bg2 Nf6 4. 0-0 0-0 5. c3 c5 6. d3 d5 7. Nbd2 Nc6 8. Qc2 e5 9. e4 h6 10. Re1 Be6 11. exd5 Nxd5 12. Nc4 Qc7 13. a4 Rad8 14. Bd2 Rfe8 15. Rad1 a6 16. a5 Kh7 17. Bc1 Bg4 18. Qa4 Qd7 19. Ne3 Bxf3 0-1

[Event "Oberliga Ost-A 1516"]
[Site "Germany"]
[Date "2015.10.10"]
[Round "2.8"]
[White "Hartwig, Maik"]
[Black "Oehl, Tim"]
[Result "1/2-1/2"]
[WhiteElo "2084"]
[BlackElo "2130"]
[PlyCount "66"]
[EventDate "2015.09.20"]
[EventType "team-tourn"]
[EventRounds "11"]
[EventCountry "GER"]
[SourceTitle "EXT 2017"]
[Source "ChessBase"]
[SourceDate "2016.10.25"]
[SourceVersion "1"]
[SourceVersionDate "2016.10.25"]
[SourceQuality "1"]
[WhiteTeam "Halle Volksbank"]
[BlackTeam "Dresden TU II"]
[WhiteTeamCountry "GER"]
[BlackTeamCountry "GER"]

1. d4 e6 2. Nf3 f5 3. Nc3 Bb4 4. Bg5 Nf6 5. Qd3 0-0 6. Bxf6 Qxf6 7. 0-0-0 d6 8. Nb5 Ba5 9. e4 a6 10. Na3 b5 11. exf5 exf5 12. h4 Kh8 13. Qb3 Be6 14. c4 Nd7 15. Ng5 Bg8 16. Qf3 Bb6 17. Qf4 c5 18. cxb5 cxd4 19. Kb1 Bc5 20. Bc4 Bxc4 21. Nxc4 axb5 22. Nd2 Ne5 23. Nb3 d3 24. Nf3 Ra4 25. Qg5 Qe6 26. Nxe5 Qxe5 27. Nxc5 Qxc5 28. Rxd3 Rfa8 29. Qe3 Qxe3 30. fxe3 Rxa2 31. Kc2 R2a6 32. Rhd1 Rd8 33. Rd5 g6 1/2-1/2

[Event "Oberliga Ost-A 1415"]
[Site "Germany"]
[Date "2015.01.18"]
[Round "7.7"]
[White "Hartwig, Maik"]
[Black "Kuna, Ralf Michael"]
[Result "1-0"]
[WhiteElo "2107"]
[BlackElo "2162"]
[PlyCount "99"]
[EventDate "2014.09.21"]
[EventType "team-tourn"]
[EventRounds "11"]
[EventCountry "GER"]
[SourceTitle "EXT 2016"]
[Source "ChessBase"]
[SourceDate "2015.10.08"]
[SourceVersion "1"]
[SourceVersionDate "2015.10.08"]
[SourceQuality "1"]
[WhiteTeam "Halle Volksbank"]
[BlackTeam "Magdeburg Rochade"]
[WhiteTeamCountry "GER"]
[BlackTeamCountry "GER"]

1. d4 Nf6 2. Nf3 b6 3. g3 Bb7 4. Bg2 e6 5. 0-0 Be7 6. c4 0-0 7. Nbd2 c5 8. e3 d5 9. b3 Nc6 10. Bb2 Rc8 11. Rc1 Nb4 12. Qe2 Ne4 13. a3 Nc6 14. Rfd1 Nxd2 15. Rxd2 Na5 16. Qd1 Qe8 17. dxc5 dxc4 18. bxc4 Rxc5 19. Ne5 Bxg2 20. Kxg2 Qa8+ 21. Kg1 Rc7 22. Nd7 Rd8 23. Qg4 g6 24. Qd4 f6 25. Nxf6+ Kf7 26. Qf4 Rxd2 27. Ne4+ Ke8 28. Nxd2 Qc6 29. Nf3 Bd6 30. Be5 Rf7 31. Nd4 Rxf4 32. Nxc6 Rxc4 33. Rxc4 Nxc4 34. Bxd6 Nxd6 35. Nxa7 Kd7 36. a4 Kc7 37. Kg2 Kb7 38. Nb5 Nxb5 39. axb5 Kc7 40. Kf3 Kd6 41. Ke4 Kc5 42. Ke5 Kxb5 43. Kxe6 Kc5 44. Kf6 b5 45. e4 b4 46. e5 b3 47. e6 b2 48. e7 b1Q 49. e8Q Qb2+ 50. Qe5+ 1-0

[Event "Oberliga Ost-A 1415"]
[Site "Germany"]
[Date "2014.09.21"]
[Round "1.8"]
[White "Niegsch, Nicolas"]
[Black "Hartwig, Maik"]
[Result "1-0"]
[WhiteElo "2068"]
[BlackElo "2107"]
[PlyCount "83"]
[EventDate "2014.09.21"]
[EventType "team-tourn"]
[EventRounds "11"]
[EventCountry "GER"]
[SourceTitle "EXT 2016"]
[Source "ChessBase"]
[SourceDate "2015.10.08"]
[SourceVersion "1"]
[SourceVersionDate "2015.10.08"]
[SourceQuality "1"]
[WhiteTeam "Loeberitz"]
[BlackTeam "Halle Volksbank"]
[WhiteTeamCountry "GER"]
[BlackTeamCountry "GER"]

1. e4 g6 2. d4 Bg7 3. Nc3 d6 4. Be3 a6 5. Qd2 b5 6. h4 Nf6 7. Bh6 Bxh6 8. Qxh6 b4 9. Nd5 Nbd7 10. Nxf6+ Nxf6 11. f3 e5 12. Ne2 Qe7 13. Qd2 a5 14. a3 c5 15. axb4 cxb4 16. d5 Nd7 17. Ng3 Nc5 18. Bb5+ Kf8 19. Bc6 Ra7 20. h5 Qf6 21. b3 g5 22. Ne2 g4 23. Qe3 gxf3 24. gxf3 Rg8 25. Kd2 Qg5 26. Rag1 Qxe3+ 27. Kxe3 f5 28. Rxg8+ Kxg8 29. h6 f4+ 30. Kd2 Kf8 31. Rg1 Rf7 32. Ra1 a4 33. bxa4 b3 34. Rb1 bxc2 35. Rb8 Rc7 36. Nc3 c1Q+ 37. Kxc1 Nd7 38. Bxd7 Rxc3+ 39. Kd2 Rxf3 40. Rxc8+ Ke7 41. Bf5 Rf2+ 42. Ke1 1-0

[Event "Oberliga Ost-B 1314"]
[Site "Germany"]
[Date "2013.11.24"]
[Round "4.7"]
[White "Cherny, Andrey"]
[Black "Hartwig, Maik"]
[Result "1-0"]
[WhiteElo "2197"]
[BlackElo "2110"]
[PlyCount "117"]
[EventDate "2013.10.13"]
[EventType "team-tourn"]
[EventRounds "11"]
[EventCountry "GER"]
[SourceTitle "EXT 2015"]
[Source "ChessBase"]
[SourceDate "2014.11.20"]
[SourceVersion "1"]
[SourceVersionDate "2014.11.20"]
[SourceQuality "1"]
[WhiteTeam "Kassel"]
[BlackTeam "Halle"]
[WhiteTeamCountry "GER"]
[BlackTeamCountry "GER"]

1. Nf3 g6 2. g3 Bg7 3. Bg2 d6 4. d3 e5 5. e4 Ne7 6. Nbd2 0-0 7. Nc4 f5 8. c3 fxe4 9. dxe4 h6 10. Qb3 Kh7 11. h4 Nd7 12. Ng5+ Kh8 13. Ne6 Nc5 14. Nxc5 dxc5 15. Be3 Bg4 16. 0-0 Be2 17. Rfd1 Bxd1 18. Rxd1 Qe8 19. Qxb7 Qc6 20. Qxc6 Nxc6 21. Rd7 Rfd8 22. Rxc7 Rac8 23. Rxc8 Rxc8 24. Nd6 Rb8 25. b3 Bf8 26. Bxc5 Bxd6 27. Bxd6 Rd8 28. Bc5 Rd3 29. c4 Rd2 30. a3 Rd3 31. b4 Rxa3 32. f4 Ra4 33. fxe5 Rxb4 34. Bxb4 Nxb4 35. c5 a5 36. Bf1 a4 37. Kf2 a3 38. Bc4 Nd3+ 39. Ke3 Nxe5 40. Bb3 Kg7 41. Kd4 Kf6 42. Kd5 g5 43. h5 Nd3 44. g4 Ke7 45. Kd4 Nf2 46. e5 Nxg4 47. c6 Kd8 48. Ke4 Kc7 49. Bd5 Nf2+ 50. Kf5 Nd1 51. Bb3 Kxc6 52. Kg6 g4 53. e6 Kd6 54. Kf7 g3 55. e7 g2 56. e8Q g1Q 57. Qd8+ Ke5 58. Qf6+ Ke4 59. Qg6+ 1-0

[Event "Oberliga Ost-B 1314"]
[Site "Germany"]
[Date "2013.11.10"]
[Round "3.6"]
[White "Hartwig, Maik"]
[Black "Klingelhoefer, Stefan"]
[Result "1/2-1/2"]
[WhiteElo "2110"]
[BlackElo "2249"]
[PlyCount "45"]
[EventDate "2013.10.13"]
[EventType "team-tourn"]
[EventRounds "11"]
[EventCountry "GER"]
[SourceTitle "EXT 2015"]
[Source "ChessBase"]
[SourceDate "2014.11.20"]
[SourceVersion "1"]
[SourceVersionDate "2014.11.20"]
[SourceQuality "1"]
[WhiteTeam "Halle"]
[BlackTeam "Giessen"]
[WhiteTeamCountry "GER"]
[BlackTeamCountry "GER"]

1. d4 e6 2. Nf3 d5 3. Bf4 Nf6 4. e3 c5 5. c3 Nc6 6. Nbd2 Be7 7. Ne5 Nxe5 8. dxe5 Nd7 9. Bd3 f5 10. g4 Nf8 11. h3 Ng6 12. gxf5 exf5 13. Bb5+ Bd7 14. Qa4 a6 15. Bxd7+ Qxd7 16. Qxd7+ Kxd7 17. 0-0-0 Ke6 18. Nf3 Nh4 19. Nxh4 Bxh4 20. Rd2 Rad8 21. Rhd1 Rd7 22. b3 Rhd8 23. a4 1/2-1/2

[Event "BL2-Ost 1213"]
[Site "Germany"]
[Date "2013.03.17"]
[Round "8.7"]
[White "Hartwig, Maik"]
[Black "Heinzel, Olaf"]
[Result "1/2-1/2"]
[WhiteElo "2105"]
[BlackElo "2366"]
[PlyCount "26"]
[EventDate "2012.10.14"]
[EventType "team-tourn"]
[EventRounds "9"]
[EventCountry "GER"]
[SourceTitle "CBM 154 Extra"]
[Source "ChessBase"]
[SourceDate "2013.06.25"]
[SourceVersion "2"]
[SourceVersionDate "2013.06.25"]
[SourceQuality "1"]
[WhiteTeam "Halle Volksbank"]
[BlackTeam "Erfurt"]
[WhiteTeamCountry "GER"]
[BlackTeamCountry "GER"]

1. d4 Nf6 2. Nf3 c5 3. c3 e6 4. Bf4 Qb6 5. Qb3 d5 6. e3 Nc6 7. Qxb6 axb6 8. Bc7 Nd7 9. Bb5 Be7 10. Nbd2 0-0 11. 0-0 Bd8 12. Bd6 Be7 13. Bc7 Bd8 1/2-1/2

[Event "Prague Holiday M21"]
[Site "Prague"]
[Date "2010.07.29"]
[Round "7"]
[White "Hartwig, Maik"]
[Black "Novak, Jindrich"]
[Result "0-1"]
[WhiteElo "2093"]
[BlackElo "2170"]
[PlyCount "82"]
[EventDate "2010.07.25"]
[EventType "tourn"]
[EventRounds "9"]
[EventCountry "CZE"]
[SourceTitle "EXT 2023"]
[Source "ChessBase"]
[SourceDate "2022.10.05"]
[SourceVersion "1"]
[SourceVersionDate "2022.10.05"]
[SourceQuality "1"]

1. d4 d6 2. e4 f5 3. exf5 Bxf5 4. Bd3 Qd7 5. Nf3 Nf6 6. 0-0 Bg4 7. h3 Bh5 8. Nbd2 Nc6 9. c3 e5 10. Re1 0-0-0 11. Qc2 Kb8 12. Bb5 e4 13. Nxe4 Bxf3 14. gxf3 d5 15. Ng3 Nxd4 16. cxd4 Qxb5 17. Bf4 Bd6 18. Be5 Qd7 19. Kh2 Rhf8 20. Re3 Rf7 21. Rae1 g6 22. f4 Ng8 23. Qe2 Bb4 24. Rc1 Ba5 25. b4 Bb6 26. Qc2 Ne7 27. Re2 Nc6 28. Qb2 Rdf8 29. Qd2 Nd8 30. Re3 Ne6 31. Rf3 Ka8 32. Ne2 Ng5 33. Rb3 Ne4 34. Qe3 g5 35. fxg5 Rxf2+ 36. Kg1 Qf5 37. Bf6 h6 38. h4 Qg4+ 39. Ng3 hxg5 40. hxg5 Rxa2 41. Qd3 Bxd4+ 0-1

[Event "Prague Holiday M21"]
[Site "Prague"]
[Date "2010.07.27"]
[Round "4"]
[White "Hentzgen, Thomas"]
[Black "Hartwig, Maik"]
[Result "1/2-1/2"]
[WhiteElo "2018"]
[BlackElo "2093"]
[PlyCount "39"]
[EventDate "2010.07.25"]
[EventType "tourn"]
[EventRounds "9"]
[EventCountry "CZE"]
[SourceTitle "EXT 2023"]
[Source "ChessBase"]
[SourceDate "2022.10.05"]
[SourceVersion "1"]
[SourceVersionDate "2022.10.05"]
[SourceQuality "1"]

1. e4 e6 2. d4 d5 3. exd5 exd5 4. Nf3 Bd6 5. Be2 Nf6 6. Bg5 h6 7. Bh4 Bf5 8. c3 Nbd7 9. Qb3 Rb8 10. Nbd2 0-0 11. 0-0 c6 12. Rfe1 Qc7 13. Bg3 Bxg3 14. hxg3 Rfe8 15. Bf1 Ne4 16. Rad1 Nxd2 17. Rxd2 Rxe1 18. Nxe1 Nf6 19. Bd3 Bxd3 20. Nxd3 1/2-1/2

[Event "Prague Holiday M21"]
[Site "Prague"]
[Date "2010.07.25"]
[Round "2"]
[White "Fiala, Jan1111"]
[Black "Hartwig, Maik"]
[Result "0-1"]
[WhiteElo "1984"]
[BlackElo "2093"]
[PlyCount "62"]
[EventDate "2010.07.25"]
[EventType "tourn"]
[EventRounds "9"]
[EventCountry "CZE"]
[SourceTitle "EXT 2023"]
[Source "ChessBase"]
[SourceDate "2022.10.05"]
[SourceVersion "1"]
[SourceVersionDate "2022.10.05"]
[SourceQuality "1"]

1. Nf3 g6 2. d4 Bg7 3. c4 d5 4. cxd5 Nf6 5. Qa4+ Nbd7 6. Nc3 0-0 7. e4 Nb6 8. Qd1 e6 9. dxe6 Bxe6 10. d5 Bg4 11. Bd3 Qe7 12. 0-0 Rad8 13. h3 Bxf3 14. Qxf3 Nfd7 15. Bc2 c6 16. dxc6 Ne5 17. Qg3 Nxc6 18. Bg5 Bf6 19. Bxf6 Qxf6 20. Rad1 Nc4 21. b3 Na3 22. Nd5 Qb2 23. Bb1 f6 24. Qc3 Qxc3 25. Nxc3 Nb4 26. f3 Nxb1 27. Rxb1 Rd3 28. Rfc1 Rf7 29. a3 Nc6 30. Nd5 Nd4 31. Rc3 Ne2+ 0-1

[Event "Oberliga Ost-A 0708"]
[Site "Germany"]
[Date "2007.11.04"]
[Round "3.5"]
[White "Hartwig, Maik"]
[Black "Just, Wolfgang"]
[Result "1/2-1/2"]
[WhiteElo "2120"]
[BlackElo "2189"]
[PlyCount "98"]
[EventDate "2007.09.23"]
[EventType "team-tourn"]
[EventRounds "11"]
[EventCountry "GER"]
[SourceTitle "EXT 2009"]
[Source "ChessBase"]
[SourceDate "2008.11.26"]
[SourceVersion "1"]
[SourceVersionDate "2008.11.26"]
[SourceQuality "1"]
[WhiteTeam "Halle USV II"]
[BlackTeam "Leipzig Lok II"]
[WhiteTeamCountry "GER"]
[BlackTeamCountry "GER"]

1. d4 e6 2. Nf3 b6 3. Bf4 Bb7 4. e3 f5 5. Nbd2 Nf6 6. h3 c5 7. c3 Be7 8. dxc5 bxc5 9. Nc4 Ne4 10. Nd6+ Nxd6 11. Bxd6 Nc6 12. Be2 0-0 13. 0-0 Rf7 14. Qd2 Qb6 15. Bxe7 Rxe7 16. Qd6 Rae8 17. Rfe1 Nd4 18. Qxb6 Nxe2+ 19. Rxe2 axb6 20. Ne5 d6 21. Nd3 Ra8 22. Rd2 g5 23. b3 b5 24. Nb2 Rd7 25. c4 Bc6 26. cxb5 Bxb5 27. Nc4 Bxc4 28. bxc4 Kf7 29. a4 Ke7 30. Rb2 Rda7 31. a5 Rxa5 32. Rxa5 Rxa5 33. Rb7+ Kf6 34. Rxh7 Ra4 35. Rh6+ Ke5 36. f4+ gxf4 37. exf4+ Kxf4 38. Rxe6 Rxc4 39. Rxd6 Rc1+ 40. Kh2 c4 41. h4 Kg4 42. Rd4+ f4 43. h5 Kxh5 44. Rxf4 Kg5 45. Kg3 Rc3+ 46. Rf3 Rb3 47. Kf2 Rb2+ 48. Ke3 Rxg2 49. Kd4 Rg4+ 1/2-1/2